[Event "GER-chT U10"]
[Site "Magdeburg"]
[Date "2013.12.28"]
[Round "1.4"]
[White "Heinicke, Pascal"]
[Black "Lindemann, Jarno"]
[Result "1-0"]
[WhiteElo "982"]
[BlackElo "940"]
[PlyCount "27"]
[EventDate "2013.12.27"]
[EventType "team-swiss"]
[EventRounds "5"]
[EventCountry "GER"]
[SourceTitle "EXT 2015"]
[Source "ChessBase"]
[SourceDate "2014.11.20"]
[SourceVersion "1"]
[SourceVersionDate "2014.11.20"]
[SourceQuality "1"]
[WhiteTeam "Leipzig Gruen Weiss II"]
[BlackTeam "Hagen"]
[WhiteTeamCountry "GER"]
[BlackTeamCountry "GER"]

1. e4 d5 2. Nc3 dxe4 3. Nxe4 Bf5 4. Nf3 Bxe4 5. d3 Bxf3 6. Qxf3 Nc6 7. Bf4 e6 8. 0-0-0 Bd6 9. Bg3 Nf6 10. Be2 Qe7 11. d4 0-0-0 12. Qb3 Bxg3 13. hxg3 Nxd4 14. Qa3 1-0